Rufus S. Frost papers, (Record no. 44393)

MARC details
000 -LEADER
fixed length control field 01601cpcaa2200361 a 4500
001 - CONTROL NUMBER
control field mm 96083899
003 - CONTROL NUMBER IDENTIFIER
control field DLC
005 - DATE AND TIME OF LATEST TRANSACTION
control field 20260227111725.0
007 - PHYSICAL DESCRIPTION FIXED FIELD--GENERAL INFORMATION
fixed length control field cr |||||||||||
008 - FIXED-LENGTH DATA ELEMENTS--GENERAL INFORMATION
fixed length control field 961023|||||||||||| eng
010 ## - LIBRARY OF CONGRESS CONTROL NUMBER
LC control number mm 96083899
040 ## - CATALOGING SOURCE
Original cataloging agency DLC
Transcribing agency DLC
Description conventions dacs
Modifying agency DLC
072 #7 - SUBJECT CATEGORY CODE
Subject category code W
Source lcmd
100 1# - MAIN ENTRY--PERSONAL NAME
Personal name Frost, Rufus S.
245 00 - TITLE STATEMENT
Title Rufus S. Frost papers,
Inclusive dates 1841-1883
Bulk dates (bulk 1860-1880).
300 ## - PHYSICAL DESCRIPTION
Extent 250
Type of unit items.
300 ## - PHYSICAL DESCRIPTION
Extent 1
Type of unit container.
300 ## - PHYSICAL DESCRIPTION
Extent 0.4
Type of unit linear feet.
506 0# - RESTRICTIONS ON ACCESS NOTE
Terms governing access Open to research.
520 8# - SUMMARY, ETC.
Summary, etc. Chiefly correspondence pertaining to family and personal matters, social occasions, and church activities. Also includes school essays, financial papers, and family papers.
545 0# - BIOGRAPHICAL OR HISTORICAL DATA
Biographical or historical data Merchant, public official, and U.S. representative from Massachusetts. Full name: Rufus Smith Frost. Born 1826; died 1894.
555 8# - CUMULATIVE INDEX/FINDING AIDS NOTE
Cumulative index/finding aids note Finding aid available in the Library of Congress Manuscript Reading Room and at
Uniform Resource Identifier <a href="http://hdl.loc.gov/loc.mss/eadmss.ms009293">http://hdl.loc.gov/loc.mss/eadmss.ms009293</a>
546 ## - LANGUAGE NOTE
Language note Collection material in English.
600 30 - SUBJECT ADDED ENTRY--PERSONAL NAME
Personal name Frost family.
651 #0 - SUBJECT ADDED ENTRY--GEOGRAPHIC NAME
Geographic name Massachusetts
General subdivision Social life and customs.
656 #7 - INDEX TERM--OCCUPATION
Occupation Merchants.
Source of term itoamc
656 #7 - INDEX TERM--OCCUPATION
Occupation Public officials
Geographic subdivision Massachusetts.
Source of term itoamc
656 #7 - INDEX TERM--OCCUPATION
Occupation Representatives, U.S. Congress
Geographic subdivision Massachusetts.
Source of term itoamc
856 4# - ELECTRONIC LOCATION AND ACCESS
Materials specified Finding aid
Uniform Resource Identifier <a href="http://hdl.loc.gov/loc.mss/eadmss.ms009293">http://hdl.loc.gov/loc.mss/eadmss.ms009293</a>
856 4# - ELECTRONIC LOCATION AND ACCESS
Materials specified Finding aid (PDF)
Uniform Resource Identifier <a href="http://hdl.loc.gov/loc.mss/eadmss.ms009293.3">http://hdl.loc.gov/loc.mss/eadmss.ms009293.3</a>

No items available.

Powered by Koha